| 000 | 01226cam a22002891a 4500 | ||
|---|---|---|---|
| 001 | 10224175 | ||
| 003 | OSt | ||
| 005 | 20230704114112.0 | ||
| 008 | 770311s1948 dcu b f000 0 eng c | ||
| 010 | _asd 48000052 | ||
| 035 | _a(OCoLC)2794023 | ||
| 040 |
_aU.S. Dept. of State. Library _cDSI _dMoSU-L _dOCoLC _dNhD _dOCU _dDLC |
||
| 082 |
_a341.6 _bINT |
||
| 245 | 0 | 4 |
_aThe International control of atomic energy : _bpolicy at the crossroads : an informal summary record of the policy developments concerning the international control of atomic energy, October 15, 1946 to May 17, 1948 / _cThe Department of State. |
| 260 |
_aWashington, D.C. : _bU.S. G.P.O., _c1948. |
||
| 300 |
_ax, 251 p. ; _c24 cm. |
||
| 440 | 0 |
_aDepartment of State publication ; _v3161 |
|
| 490 | 1 |
_aGeneral foreign policy series ; _v3 |
|
| 500 | _a"Office of Public Affairs"--Verso t.p. | ||
| 504 | _aIncludes bibliographical references. | ||
| 650 | 0 | _aNuclear energy. | |
| 650 | 0 | _aNuclear nonproliferation. | |
| 710 | 1 |
_aUnited States. _bDepartment of State. _bOffice of Public Affairs. |
|
| 830 | 0 |
_aDepartment of State publication. _pGeneral foreign policy series ; _v3. |
|
| 906 |
_a7 _bcbc _coclcrpl _du _encip _f19 _gy-gencatlg |
||
| 942 |
_2ddc _cBK |
||
| 999 |
_c3752 _d3752 |
||